Trần Tế Xương về tác gia và tác phẩm
v.v...
Đã lưu trong:
| Tác giả chính: | |
|---|---|
| Định dạng: | Sách |
| Năm xuất bản: |
H.
Giáo dục
2001.
|
| Chủ đề: | |
| Tags: |
Thêm thẻ
Không có thẻ, Hãy là người đầu tiên gắn thẻ bản ghi này!
|
| LEADER | 00934nam a2200229 4500 | ||
|---|---|---|---|
| 082 | |a 895.9221209 |b TR120T | ||
| 100 | |a Trần Tế Xương | ||
| 245 | |a Trần Tế Xương về tác gia và tác phẩm |c Vũ Văn Sỹ tuyển chọn và giới thiệu | ||
| 260 | |a H. |b Giáo dục |c 2001. | ||
| 300 | |a 567 tr. |c 24 cm | ||
| 520 | |a v.v... | ||
| 653 | |a Văn học cận đại | ||
| 653 | |a Thế kỷ 19 | ||
| 653 | |a Việt Nam | ||
| 653 | |a Thơ | ||
| 653 | |a Nghiên cứu văn học | ||
| 653 | |a Tác giả | ||
| 653 | |a Tác phẩm | ||
| 942 | |2 ddc |c STK0 | ||
| 999 | |c 3257 |d 3257 | ||
| 952 | |0 0 |1 0 |2 ddc |4 0 |6 895_922120900000000_TR120T |7 1 |8 800 |9 35686 |a qbu |b qbu |c D5 |d 2014-12-16 |g 48000 |l 1 |o 895.9221209 TR120T |p 3412.c1 |r 2016-12-05 |s 2016-11-28 |w 2014-12-16 |y STK0 | ||
| 952 | |0 0 |1 0 |2 ddc |4 0 |6 895_922120900000000_TR120T |7 0 |8 800 |9 35687 |a qbu |b qbu |c D5 |d 2014-12-16 |g 48000 |l 8 |m 4 |o 895.9221209 TR120T |p 3412.c2 |r 2018-11-29 |s 2018-11-14 |w 2014-12-16 |y STK0 | ||